| 000 | 00412nam a2200157 4500 | ||
|---|---|---|---|
| 005 | 20211102150834.0 | ||
| 037 |
_aBC_457 15 _fbroch |
||
| 040 |
_aBC-ENSA _bfre |
||
| 041 |
_afre _bfre |
||
| 100 | _aSAUMAGNE, P. | ||
| 245 | _aRecueil de sujets d'examen chimie | ||
| 260 |
_aPARIS _bDUNOD _c1968 |
||
| 562 | _e exemplaire(s) | ||
| 653 | _aCHIMIE/PHYSIQUE/CHIMIE MINERALE/CHIMIE PHYSIQUE | ||
| 942 | _c09 | ||
| 999 |
_c33832 _d61830 |
||